Treba vychádzať z jasného právneho základu

Druhá časť príspevku zameraného na skvalitnenie verejnej správy v krajinách strednej a východnej Európy. Príspevok vychádza z dokumentu SIGMA, ktorý vznikol ako spoločná iniciatíva OECD a Európskej únie.

Salvato in:
Dettagli Bibliografici
Autore principale: Nemec, Juraj
Natura: Capitolo di libro
Lingua:slovacco
Soggetti:
Tags: Aggiungi Tag
Nessun Tag, puoi essere il primo ad aggiungerne!!

MARC

LEADER 00000naa a2200000 4500
001 r037012
005 20230927090853.5
041 0 |a slo 
044 |a SK 
245 1 0 |a Treba vychádzať z jasného právneho základu  |c Juraj Nemec 
520 |a Druhá časť príspevku zameraného na skvalitnenie verejnej správy v krajinách strednej a východnej Európy. Príspevok vychádza z dokumentu SIGMA, ktorý vznikol ako spoločná iniciatíva OECD a Európskej únie. 
610 2 0 |a správa verejná 
610 2 0 |a programy rozvojové 
610 2 0 |a manažment 
610 2 0 |a reformy štruktúrne 
610 2 0 |a výdavky verejné 
610 2 0 |a náklady rozpočtové 
610 2 0 |a Slovensko 
610 2 0 |a Európska únia 
100 1 |a Nemec, Juraj